[Event "Chile Championship Absolute 2022"]
[Site "Las Condes"]
[Date "2022.02.26"]
[Round "10.3"]
[White "Aguirre Contreras, Cristian Rodrigo"]
[Black "Bahamondes Ortiz, Benjamin"]
[Result "1-0"]
[WhiteElo "2261"]
[BlackElo "2164"]
[Annotator "TA"]
[PlyCount "121"]
[EventDate "2022.02.18"]
[EventType "tourn"]
[EventCountry "CHI"]
[SourceTitle "playchess.com"]
[Source "ChessBase"]
[SourceQuality "1"]

{[%evp 11,121,18,18,0,3,-69,0,0,33,0,60,-8,-17,-30,10,0,0,-9,85,64,103,54,73,70,62,70,82,77,99,109,120,110,104,80,98,94,95,93,122,97,106,26,33,40,37,48,32,25,25,25,25,26,26,25,49,33,137,131,156,152,144,160,165,155,140,146,209,198,242,244,260,255,243,213,261,256,656,653,860,854,844,831,771,726,927,910,1095,928,12837,12837,12839,12839,12839,12839,12841,12841,12844,12843,12845,12845,12846,12845,12845,12844,12843,12844,12844,12845,12845,12845,12846,12845]} 1. e4 c5 2. c3 d5 3. exd5 Qxd5 4. d4 Nf6 5. Nf3 e6 6. Be2 Be7 7. Be3 {B22: Sicilian: 2 c3.} cxd4 8. Nxd4 (8. cxd4 $11 Nc6 9. Nc3) 8... O-O (8... Qxg2 $15 9. Bf3 Qh3) 9. O-O $11 {The position is equal.} a6 10. Bf3 Qd8 {[#]} (10... Qd6 $11) 11. a4 $146 ({White should play} 11. Bf4 $1 $14) ({Predecessor:} 11. Bf4 Nd5 12. Bg3 Bf6 13. Na3 e5 14. Nb3 Nb6 15. Qxd8 Rxd8 16. Na5 Ra7 17. Rad1 {½-½ (60) Savic,M (2345)-Chekurov,V (2425) Siofok 1996}) 11... e5 {[%cal Be6e5,Be5e4][%mdl 32]} 12. Nb3 e4 13. Be2 Nd5 14. Bc5 b6 {[#]} (14... Nf4 $11 15. Be3 Nd5) 15. Bc4 $1 Ra7 (15... bxc5 16. Bxd5) 16. Bxd5 (16. Bxe7 $16 Nxe7 17. Qe2) 16... bxc5 $14 17. Bxe4 Qxd1 18. Rxd1 Be6 19. Na5 Rc7 20. Na3 c4 21. Nc2 $1 Bc5 22. Nd4 {Pair of Knights!} Bb6 23. Nac6 {White is much more active. Black has bad knights.} ({Reject} 23. Nxe6 $6 fxe6 24. Nb7 Bxf2+ 25. Kh1 Nc6 $14) 23... Nxc6 24. Nxc6 Bg4 25. Rd2 Re8 {[#]} 26. Nb4 Rce7 $11 {[#]} 27. h3 $1 {[%cal Oa4a5]} Rxe4 28. hxg4 Re2 29. Rad1 {Black must now prevent Kf1.} Bxf2+ $1 30. Kf1 Rxd2 31. Rxd2 {[%mdl 4096] Endgame KRB-KRN} Bg3 {[%csl Gg3][%cal Re8e1]} 32. Re2 {[%cal Re2e8] To avoid Re1+} Rd8 {( -> ...Rd1+)} 33. Re3 Bf4 {White stays focused until the end.} ({Better is} 33... Bd6 $1 $14) 34. Re4 $16 g5 35. Nxa6 Rd2 36. Re2 {And now Rxd2 would win.} ({Don't take} 36. Rxc4 $6 Bg3 37. Rc5 Rf2+ 38. Ke1 Rf6+ 39. Ke2 Rxa6 $14) 36... Rd1+ 37. Kf2 Ra1 38. Nc5 Bd6 (38... Kg7 $16 39. Kf3 Bb8) 39. Ne4 $18 Be7 (39... Be5 $142 40. Nxg5 f6) 40. Nd2 {[%csl LRc4,LRe7]} Bc5+ 41. Kf3 {Strongly threatening Re5.} Rxa4 42. Re4 Ra2 43. Nxc4 h6 $2 (43... Kf8 44. Re5 Be7) 44. Re5 {White is clearly winning.} Bg1 45. Ra5 Rxa5 46. Nxa5 {KB-KN} Kf8 47. Ke4 Ke7 48. Nc6+ Kd6 49. Nd4 {aiming for b4.} Kc5 50. Nf5 Kc4 51. Nxh6 f6 52. Ng8 Kb3 53. Kd5 Kxb2 54. c4 Kc3 55. Nxf6 Kd3 56. Ne4 Ke3 57. Ke5 Bh2+ 58. g3 Bg1 59. Nxg5 Kd3 60. Kd5 Ke2 61. Ne6 {Weighted Error Value: White=0.17 (very precise) /Black=0.36} 1-0

[Event "Chile Championship Absolute 2022"]
[Site "Las Condes"]
[Date "2022.02.26"]
[Round "10.4"]
[White "Vergara Rozas, Jose Francisco"]
[Black "Salinas Herrera, Pablo Patricio"]
[Result "0-1"]
[WhiteElo "2044"]
[BlackElo "2517"]
[Annotator "TA"]
[PlyCount "74"]
[EventDate "2022.02.18"]
[EventType "tourn"]
[EventCountry "CHI"]
[SourceTitle "playchess.com"]
[Source "ChessBase"]
[SourceQuality "1"]

{[%evp 26,74,11,4,16,12,26,20,45,39,36,19,27,0,0,-16,-16,-57,-57,-56,-55,-123,-82,-80,-72,-100,-108,-202,-203,-204,-138,-185,-138,-117,-109,-114,-96,-516,-501,-493,-465,-944,-398,-1254,-1232,-1174,-1141,-1117,-1067,-1097,-870]} 1. e4 c5 2. Nf3 {[%cal Bg1f3,Bf3d4,Bd4b5][%mdl 32]} e6 3. d4 cxd4 4. Nxd4 Nc6 5. Nb5 d6 6. Bf4 e5 7. Be3 Nf6 8. Bg5 a6 9. N5c3 Be7 10. Bxf6 Bxf6 11. Nd2 Be6 12. Nc4 Nd4 13. Ne3 Rc8 14. Bd3 O-O {B44: Sicilian: Taimanov: 5 Nb5.} 15. O-O g6 16. Ncd5 Bg7 {The position is equal.} 17. c3 Nc6 18. Bc2 Kh8 {[#]} 19. Qf3 $146 ({Predecessor:} 19. Kh1 f5 20. exf5 gxf5 21. Qh5 e4 22. f3 Nd4 23. Bb1 exf3 24. cxd4 Bxd4 25. Bd3 fxg2+ 26. Kxg2 {1-0 (35) El Kher,H (2285)-Petersen,P (2195) Copenhagen 1998}) 19... Nd4 20. cxd4 exd4 21. Bd3 dxe3 $15 22. Qxe3 Qa5 ({But not} 22... Bxb2 23. Rab1 Bxd5 24. exd5 $11) 23. Qe2 (23. Qe1 $15 Qc5 24. Rc1) 23... Rfe8 (23... Bxd5 $142 24. exd5 Rfe8) 24. Ne3 $17 d5 25. exd5 Bxd5 26. a3 (26. Rfd1 $17) 26... Bc6 $19 {A strong pair of Bishops.} 27. Rab1 f5 {And now ...f4 would win.} 28. Rfd1 (28. Rfe1 $17) 28... f4 (28... Qc7 $1 $19 {Strongly threatening ...f4.} 29. Qd2 Rcd8) 29. Nc4 $17 Qg5 {[%csl Gc6][%cal Rg5g2]} ({Stronger than} 29... Rxe2 30. Nxa5 Rxb2 31. Nxc6 Rxc6 32. Be4 Rxb1 33. Rxb1 $15) 30. Qf1 Rcd8 $40 {[%mdl 128] Inhibits Nd6. aiming for ...f3. Black is out for blood. Black is much more active.} 31. Kh1 $2 {[%mdl 8192] [#] White does not recover from this.} (31. f3 $17 {was the crucial defense.}) 31... f3 $1 $19 {[%cal Rf3g2]} 32. g3 Re2 {Hoping for ...Bd4.} 33. Kg1 {[#]} (33. h4 $142 Qg4 34. Bf5 Rxd1 35. Bxg4 Rxf1+ 36. Rxf1) 33... Bd4 (33... Rxf2 $142 $3 {[%mdl 512] ( -> ...Rg2+)} 34. Qxf2 Bd4) 34. b4 $2 (34. Bxe2 fxe2 35. Qxe2) 34... Rxf2 {Black is clearly winning.} 35. Qxf2 Bxf2+ 36. Kxf2 Ba4 {...Qf6 is the strong threat.} 37. Rd2 Bb5 {Weighted Error Value: White=0.85/Black=0.30} 0-1

[Event "Chile Championship Absolute 2022"]
[Site "Las Condes"]
[Date "2022.02.26"]
[Round "10.5"]
[White "Diaz Vasquez, Martin"]
[Black "Lopez Silva, Hugo Andres"]
[Result "0-1"]
[WhiteElo "2253"]
[BlackElo "2407"]
[Annotator "TA"]
[PlyCount "68"]
[EventDate "2022.02.18"]
[EventType "tourn"]
[EventCountry "CHI"]
[SourceTitle "playchess.com"]
[Source "ChessBase"]
[SourceQuality "1"]

{[%evp 16,68,-2,-10,-8,-8,22,19,27,0,0,3,15,0,0,0,0,0,0,0,0,0,7,0,0,-51,-57,-47,0,-35,-41,-44,-34,-43,-30,-33,-43,-191,0,0,15,-150,-142,-163,-124,-375,-213,-404,-220,-29990,-1167,-29991,-29992,-29992,-29993]} 1. Nf3 Nf6 2. b3 g6 3. Bb2 Bg7 4. e3 c5 5. c4 O-O 6. Be2 Nc6 7. O-O d5 8. cxd5 Qxd5 $1 {8...Qxd5 scores better than 8...Nxd5.} 9. Nc3 Qf5 {A30: Symmetrical English: Double Fianchetto and Hedgehog.} 10. Bb5 {[#]} Rd8 $146 {[%cal Oc6d4]} ({Predecessor:} 10... Bd7 11. Qe2 e5 12. d3 a6 13. Bc4 b5 14. Bd5 Rac8 15. e4 Qh5 16. Nd1 Nxd5 17. exd5 {0-1 (51) Gerasimov,V (2495)-Kazantsev,R (2421) ICCF email 2017}) 11. Bxc6 bxc6 {The position is equal.} 12. Qb1 Qh5 13. Ne2 Ba6 14. Ng3 Qd5 {White must now prevent ...Bd3.} 15. Rd1 Bd3 16. Qc1 h5 17. h4 a5 18. Ne5 a4 19. Nxd3 Qxd3 20. Rb1 (20. Qxc5 $11 axb3 21. axb3) 20... axb3 $15 21. axb3 Rdb8 (21... Rab8 $15) 22. Bc3 Rb5 23. Rb2 Rab8 24. Qc2 Qd7 25. Be5 R8b7 {[%cal Oc5c4]} 26. Ra2 {[#]} (26. Bxf6 $15 Bxf6 27. Rbb1) 26... Qg4 $2 ({Black should try} 26... c4 $1 $19 {[%cal Rc4b3]} 27. Ra8+ Kh7) 27. Ra8+ $11 Kh7 {[%cal Oc5c4] ...c4! is the strong threat.} 28. d4 $2 ({White should play} 28. Ra4 $11 Rb4 29. Bxf6 Bxf6 30. Ne4) 28... Rxb3 $17 {Strongly threatening ...Rb2.} 29. dxc5 Qxh4 30. Rdd8 $2 {[%mdl 8192]} (30. Bxf6 $17 {was necessary.} Bxf6 31. Qe4) 30... Qg4 (30... Rb1+ $142 31. Rd1 Rxd1+ 32. Qxd1 Ng4 33. Bxg7 Kxg7) 31. f3 $2 (31. Rab8) 31... Qb4 (31... Qg5 $142 32. Bf4 Qh4) 32. Nf5 ({Not} 32. Bf4 $2 Qe1+ 33. Nf1 Rb2 $19) (32. Nf1 $19) 32... Qe1+ 33. Kh2 {[#]} Ng4+ $1 {[%mdl 512]} 34. fxg4 Bxe5+ {Weighted Error Value: White=0.73/Black=0.28 (precise)} 0-1

[Event "Chile Championship Absolute 2022"]
[Site "Las Condes"]
[Date "2022.02.26"]
[Round "10.6"]
[White "Diaz Villagran, Robert"]
[Black "Vasquez Toledo, Cristian"]
[Result "1/2-1/2"]
[WhiteElo "2318"]
[BlackElo "2154"]
[Annotator "ChessBase"]
[PlyCount "41"]
[EventDate "2022.02.18"]
[EventType "tourn"]
[EventCountry "CHI"]
[SourceTitle "playchess.com"]
[Source "ChessBase"]
[SourceQuality "1"]
[TimeControl "5400+30"]

1. e4 {[%emt 0:00:03]} e5 {[%emt 0:01:19]} 2. Nf3 {[%emt 0:00:15]} Nc6 {[%emt 0:00:04]} 3. Nc3 {[%emt 0:00:28]} Nf6 {[%emt 0:00:13]} 4. Bb5 {[%emt 0:00:24]} Bb4 {[%emt 0:05:54]} 5. O-O {[%emt 0:00:58]} O-O {[%emt 0:00:13]} 6. d3 {[%emt 0:00:13]} d6 {[%emt 0:00:59]} 7. Bg5 {[%emt 0:00:15]} Bxc3 {[%emt 0:00:55]} 8. bxc3 {[%emt 0:00:14]} h6 {[%emt 0:00:07]} 9. Bh4 {[%emt 0:06:19]} Bg4 {[%emt 0:06:52]} 10. h3 {[%emt 0:03:58]} Bd7 {[%emt 0:00:37]} 11. Bxc6 {[%emt 0:14:51]} Bxc6 {[%emt 0:06:19]} 12. Qd2 {[%emt 0:08:48]} Kh7 {[%emt 0:04:23]} 13. c4 {[%emt 0:07:02]} Rg8 {[%emt 0:00:29]} 14. g4 {[%emt 0:00:22]} g5 {[%emt 0:03:56]} 15. Bg3 {[%emt 0:03:48]} Rg6 {[%emt 0:01:27]} 16. Nh2 {[%emt 0:06:33]} Nd7 {[%emt 0:04:08]} 17. Rfe1 {[%emt 0:07:09]} Nc5 {[%emt 0:00:54]} 18. Nf1 {[%emt 0:37:50]} Ne6 19. Ne3 {[%emt 0:00:30]} Nd4 {[%emt 1:01:11]} 20. Nf1 {[%emt 0:00:30]} Ne6 {[%emt 0:00:30]} 21. c3 {[%emt 0:00:00]} 1/2-1/2

[Event "Chile Championship Absolute 2022"]
[Site "Las Condes"]
[Date "2022.02.27"]
[Round "11.1"]
[White "Vasquez Toledo, Cristian"]
[Black "Palma Neira, Eliseo Maximiliano"]
[Result "1-0"]
[WhiteElo "2154"]
[BlackElo "2029"]
[Annotator "ChessBase"]
[PlyCount "109"]
[EventDate "2022.02.18"]
[EventType "tourn"]
[EventCountry "CHI"]
[SourceTitle "playchess.com"]
[Source "ChessBase"]
[SourceQuality "1"]
[TimeControl "5400+30"]

1. e4 {[%emt 0:03:02]} c5 {[%emt 0:26:13]} 2. Nf3 {[%emt 0:00:07]} Nc6 {[%emt 0:00:02]} 3. d4 {[%emt 0:00:05]} cxd4 {[%emt 0:00:04]} 4. Nxd4 {[%emt 0:00:05]} Nf6 {[%emt 0:00:03]} 5. Nc3 {[%emt 0:00:07]} e5 {[%emt 0:00:05]} 6. Ndb5 {[%emt 0:00:04]} d6 {[%emt 0:00:06]} 7. Bg5 {[%emt 0:00:07]} a6 {[%emt 0:00:06]} 8. Na3 {[%emt 0:00:04]} b5 {[%emt 0:00:03]} 9. Nd5 {[%emt 0:00:08]} Be7 {[%emt 0:00:04]} 10. Bxf6 {[%emt 0:00:05]} Bxf6 {[%emt 0:00:05]} 11. c3 {[%emt 0:00:07]} O-O {[%emt 0:00:40]} 12. Nc2 {[%emt 0:00:04]} Bg5 {[%emt 0:00:02]} 13. a4 {[%emt 0:00:18]} bxa4 {[%emt 0:01:16]} 14. Rxa4 {[%emt 0:00:10]} a5 {[%emt 0:01:23]} 15. Bc4 {[%emt 0:00:15]} Rb8 {[%emt 0:03:22]} 16. b3 {[%emt 0:04:31]} Be6 {[%emt 0:01:57]} 17. Nce3 {[%emt 0:00:36]} Bxe3 {[%emt 0:00:04]} 18. Nxe3 {[%emt 0:00:05]} Qd7 {[%emt 0:06:54]} 19. O-O {[%emt 0:00:48]} Rfd8 {[%emt 0:01:32]} 20. Qc2 {[%emt 0:03:22]} Bxc4 {[%emt 0:03:36]} 21. Rxc4 {[%emt 0:00:34]} Qb7 {[%emt 0:01:03]} 22. Rb1 {[%emt 0:00:24]} Ne7 {[%emt 0:00:28]} 23. Ra4 {[%emt 0:00:47]} d5 {[%emt 0:06:42]} 24. exd5 {[%emt 0:18:16]} Nxd5 {[%emt 0:02:32]} 25. Rxa5 {[%emt 0:00:11]} Nxe3 {[%emt 0:02:01]} 26. fxe3 {[%emt 0:00:04]} e4 {[%emt 0:00:17]} 27. Ra4 {[%emt 0:00:49]} Rd3 {[%emt 0:01:08]} 28. Rd4 {[%emt 0:05:19]} Rxe3 {[%emt 0:04:00]} 29. Qd2 {[%emt 0:00:27]} Rd3 {[%emt 0:00:41]} 30. Rxd3 {[%emt 0:00:02]} exd3 {[%emt 0:00:09]} 31. Qxd3 {[%emt 0:00:04]} Qa7+ {[%emt 0:00:31]} 32. Kh1 {[%emt 0:01:01]} Qe7 {[%emt 0:04:44]} 33. h3 {[%emt 0:03:19]} h5 {[%emt 0:05:14]} 34. b4 {[%emt 0:01:22]} Qh4 {[%emt 0:01:20]} 35. Rf1 {[%emt 0:06:08]} Rb6 {[%emt 0:05:08]} 36. Qd5 {[%emt 0:04:21]} Re6 {[%emt 0:04:51]} 37. b5 {[%emt 0:01:03]} Rf6 {[%emt 0:04:26]} 38. Rxf6 {[%emt 0:02:10]} Qxf6 {[%emt 0:01:18]} 39. Qa8+ {[%emt 0:00:05]} Kh7 {[%emt 0:00:10]} 40. Qe4+ {[%emt 0:00:02]} g6 {[%emt 0:00:59]} 41. c4 {[%emt 0:00:05]} Qf1+ {[%emt 0:00:12]} 42. Kh2 {[%emt 0:00:02]} f5 {[%emt 0:00:10]} 43. Qe5 {[%emt 0:02:59]} Qf2 {[%emt 0:04:21]} 44. c5 {[%emt 0:08:45]} f4 {[%emt 0:00:26]} 45. c6 {[%emt 0:01:02]} h4 {[%emt 0:02:32]} 46. c7 {[%emt 0:00:29]} f3 {[%emt 0:00:00]} 47. Qe7+ {[%emt 0:00:02]} Kh6 {[%emt 0:00:31]} 48. Qf8+ {[%emt 0:00:03]} Kh7 {[%emt 0:00:20]} 49. Qxf3 {[%emt 0:00:05]} Qc5 {[%emt 0:00:34]} 50. Qf4 {[%emt 0:02:24]} g5 {[%emt 0:00:15]} 51. Qf7+ {[%emt 0:00:06]} Kh6 {[%emt 0:00:10]} 52. Qf6+ {[%emt 0:00:04]} Kh5 {[%emt 0:02:11]} 53. b6 {[%emt 0:00:03]} g4 {[%emt 0:01:28]} 54. hxg4+ {[%emt 0:02:09]} Kxg4 {[%emt 0:00:02]} 55. Qe6+ {[%emt 0:00:08]} 1-0

[Event "Chile Championship Absolute 2022"]
[Site "Las Condes"]
[Date "2022.02.27"]
[Round "11.2"]
[White "Lopez Silva, Hugo Andres"]
[Black "Diaz Villagran, Robert"]
[Result "1-0"]
[WhiteElo "2407"]
[BlackElo "2318"]
[Annotator "TA"]
[PlyCount "81"]
[EventDate "2022.02.18"]
[EventType "tourn"]
[EventCountry "CHI"]
[SourceTitle "playchess.com"]
[Source "ChessBase"]
[SourceQuality "1"]

{[%evp 15,81,26,33,37,24,32,26,27,77,79,70,51,40,34,78,35,111,41,110,102,133,152,145,149,154,114,159,121,119,139,207,214,464,439,441,165,162,160,211,207,345,196,194,47,145,145,136,48,62,45,42,37,37,41,54,53,586,111,1104,1076,1083,1069,1344,1248,29991,29992,29992,545]} 1. e4 c5 2. Nf3 d6 3. d4 cxd4 4. Nxd4 Nf6 5. Nc3 Nc6 6. f3 e5 7. Nb3 Be7 8. Be3 Be6 9. Qe2 {B56: Classical Sicilian: Unusual Lines.} O-O 10. O-O-O {[%cal Ob3c5]} Qc7 {[#] 10...Qc8 is setting a new trend.} 11. Kb1 $146 {White has an edge.} ({Predecessor:} 11. g4 Rfc8 12. Kb1 a6 13. g5 Nd7 14. h4 b5 15. h5 Nb4 16. a3 Nc6 17. Nd5 Bxd5 18. exd5 {1-0 (53) Zhang,P (2519)-Matnadze,A (2343) Barcelona 2004}) 11... a6 (11... a5 $11 {keeps the balance.}) 12. g4 $16 {[%cal Bg2g4,Bg4g5][%mdl 32]} b5 13. g5 Nh5 14. Qd2 g6 (14... Qb7 $14 {feels stronger.}) 15. Rc1 (15. Be2 $16) 15... Qd8 ({Black should try} 15... Qb7 $14) 16. Rg1 (16. Nd5 $16) 16... Kh8 (16... Rb8 $14) 17. Nd5 Bxd5 18. exd5 Nb8 19. c4 bxc4 20. Rxc4 ({Don't take} 20. Bxc4 $6 a5 $14) 20... f6 (20... Qd7 $142 21. Bd3 a5 22. Nxa5 f5) 21. gxf6 {White is much more active. Black has bad knights.} Bxf6 22. Bd3 {[%cal Od3g6] Black must now prevent Bxg6!} Qd7 (22... Bg7 $16 23. Na5 Nd7) 23. Qc2 $18 Ng7 $2 (23... Qh3 {was called for.} 24. Rc7 Nf4) 24. Rc7 Qh3 25. Be4 $2 {This bishop pair is nice.} (25. Rg3 Qh5 26. Na5) 25... a5 26. a3 a4 (26... Na6 $16 {might work better.}) 27. Nd2 Nf5 (27... Na6 $142) 28. Bf2 $40 {[%mdl 128] Black is in trouble.} (28. Bxf5 $142 Qxf5 29. Qxf5 gxf5 30. Rb7) 28... Na6 29. Rc6 ({White must play} 29. Bxf5 $18 gxf5 30. Rc6) 29... Qxh2 (29... Nd4 $1 $14 30. Bxd4 exd4) 30. Nf1 $16 Qh3 {[%cal Oa6c5]} 31. Qc4 {Prevents Nc5.} (31. Bxf5 $16 Qxf5 32. Qxf5 (32. Rxd6 Qxf3 33. Nh2 Qf4 $11) 32... gxf5 33. Rxd6) 31... Nb8 32. Rc7 {Threatens to win with Ng3.} Na6 33. Ra7 {Hoping for Qxa6.} Rxa7 34. Bxa7 Nc5 35. Bxc5 Rc8 $2 {[%mdl 8192] [#]} ({Better is} 35... dxc5 $14 36. Qxc5 Be7) 36. Qxa4 $2 (36. Qa6 $1 $18 {is the precise move to win.} Rd8 37. Ne3 Nxe3 38. Bxe3) 36... Rxc5 {[%mdl 8192]} (36... dxc5 $16 37. Qd7 Rd8) 37. Qe8+ $18 Kg7 38. Qd7+ ({Weaker is} 38. Qe6 Qh6 $14) 38... Kh6 {[#]} 39. Ng3 $1 {[%cal Rg3f5][%mdl 512]} Kg5 (39... Rc7 40. Nxf5+) 40. Nxf5+ Kf4 {[#]} 41. Rg4+ {Weighted Error Value: White=0.52/Black=0.73} (41. Qxh7 $142 $3 {[%mdl 512]} Bh4 42. Nxh4 g5 43. Qf5+ Ke3 44. Qxh3 Kd4 45. Nf5+ Kc4 46. Qf1+ Kb3 47. Qd1+ Kc4 48. Nxd6#) 1-0

[Event "Chile Championship Absolute 2022"]
[Site "Las Condes"]
[Date "2022.02.27"]
[Round "11.3"]
[White "Salinas Herrera, Pablo Patricio"]
[Black "Diaz Vasquez, Martin"]
[Result "1-0"]
[WhiteElo "2517"]
[BlackElo "2253"]
[Annotator "TA"]
[PlyCount "61"]
[EventDate "2022.02.18"]
[EventType "tourn"]
[EventCountry "CHI"]
[SourceTitle "playchess.com"]
[Source "ChessBase"]
[SourceQuality "1"]

{[%evp 9,61,29,66,62,90,42,40,39,44,24,21,0,4,-1,11,0,0,4,22,26,43,45,66,55,71,45,189,176,311,227,253,217,216,131,345,374,360,364,383,372,588,429,618,629,820,396,996,652,673,670,2187,2147,29993,29994]} 1. e4 c5 2. Nf3 e6 3. Nc3 Nc6 4. Bb5 Qc7 5. O-O a6 6. Bxc6 {B30: Sicilian: 2...Nc6 3 Bb5, lines without ...g6.} dxc6 {[%cal Bd7c6,Bc6c5][%mdl 32]} 7. d4 (7. e5 $16) 7... cxd4 $14 8. Qxd4 {White is slightly better.} c5 9. Qd3 Ne7 10. Bg5 {[#]} f6 $146 ({Predecessor:} 10... Nc6 11. Rfd1 Be7 12. Bxe7 Nxe7 13. Na4 b6 14. Ne5 O-O 15. Qd6 Qxd6 16. Rxd6 f6 17. Nxb6 {1-0 (38) Amaral,G (1923)-Teles,J (2073) Salvador 2011}) 11. Bh4 e5 12. Nd2 b5 {Prevents Nc4.} 13. b3 Be6 14. Nd5 Nxd5 15. exd5 Rd8 {[%cal Oc5c4]} 16. c4 {[%cal Of2f4]} Be7 17. Bg3 g5 {Inhibits f4.} (17... O-O $14) 18. h4 $1 $18 {[%cal Bh2h4,Bh4h5][%mdl 32]} g4 (18... gxh4 $142 19. Bxh4 Bf7) 19. Qe3 Bf7 20. Qh6 {Hoping for f4.} Bg6 21. f3 Qd7 $2 {Black cannot hold the game after this.} (21... gxf3 $16 22. Rxf3 Bf8) 22. h5 Bd3 {[#]} 23. Rf2 {[%cal Bf1f2,Bf2f3,Bf3g3,Bg3g7][%mdl 32]} bxc4 24. bxc4 gxf3 (24... Qf5 $142 25. Re1 (25. Qg7 Kd7 $16) 25... Rg8) 25. Re1 Qg4 (25... fxg2 $142 26. Re3 (26. Qg7 Qh3 $18) 26... Bf5 27. Bxe5 fxe5 28. Rxe5 (28. Qg7 Rf8 $16) 28... Qd6 29. Qxd6 Rxd6) 26. Rxf3 Bc2 {[#]} 27. Bf2 (27. Bxe5 $142 $1 {[%mdl 512]} fxe5 (27... Qh4 28. g3) 28. Rxe5) 27... Kd7 $2 (27... Rg8 $2 28. Rg3 Qxg3 29. Bxg3 Rxg3 30. Ne4 Bxe4 31. Rxe4 $18) (27... Rf8 28. Rc3 Bf5) 28. Rg3 Qf5 29. Rg7 {aiming for g4.} Rc8 30. g4 Qd3 {[#]} 31. Qxf6 $1 {Weighted Error Value: White=0.66/Black=0.79} 1-0

[Event "Chile Championship Absolute 2022"]
[Site "Las Condes"]
[Date "2022.02.27"]
[Round "11.4"]
[White "Bahamondes Ortiz, Benjamin"]
[Black "Vergara Rozas, Jose Francisco"]
[Result "1/2-1/2"]
[WhiteElo "2164"]
[BlackElo "2044"]
[Annotator "TA"]
[PlyCount "63"]
[EventDate "2022.02.18"]
[EventType "tourn"]
[EventCountry "CHI"]
[SourceTitle "playchess.com"]
[Source "ChessBase"]
[SourceQuality "1"]

{[%evp 9,63,48,71,63,75,66,97,95,97,80,123,111,107,117,117,115,124,92,104,26,56,13,27,37,37,28,37,49,86,66,97,87,93,52,62,45,49,39,84,0,68,75,98,0,6,0,0,0,23,27,27,35,50,0,39,25]} 1. d4 Nf6 2. c4 g6 3. Nc3 Bg7 4. e4 d6 5. Be2 h5 6. Bg5 {E73: King's Indian: Averbakh Variation without 6...c5.} c5 7. d5 {[#]} Na6 $146 ({Predecessor:} 7... Nh7 8. Be3 Nf6 9. h3 e5 10. Qd2 a5 11. Nf3 Nbd7 12. Nh2 Nb6 13. Bg5 Bd7 14. Bd3 Na4 15. Ne2 Rb8 16. b3 {1-0 (16) Schnur,G (2120)-Rosinus,K Bad Wiessee 1998}) 8. Nf3 {White is better.} Bg4 9. Nd2 Nb4 (9... Bxe2 $142 10. Qxe2 (10. Nxe2 O-O $14) 10... Nd7) 10. f3 $16 Bd7 11. O-O h4 12. a3 Na6 13. Be3 Nh5 14. Qe1 ({Better is} 14. Nb3 $16) 14... g5 15. f4 (15. Bxg5 $14 Bd4+ {[#]} 16. Rf2 $1) 15... Nxf4 $11 16. Bxf4 Bd4+ 17. Kh1 gxf4 18. Rxf4 e5 19. dxe6 $1 Bxe6 20. Nf3 $36 {[%mdl 2048] Black is under strong pressure.} h3 21. g3 (21. gxh3 $16 {aiming for Nd5.} Be3 22. Rh4 Rxh4 23. Nxh4) 21... Be3 $14 22. Rh4 Rxh4 23. Nxh4 Qf6 (23... Nc7 $14) 24. Qf1 (24. Nd5 $16 Qf2 25. Qxf2 Bxf2 26. Nf3) 24... Qe5 (24... Bd4 $11) 25. Nf3 Qf6 26. Nh4 ({White should play} 26. Nb5 $16) 26... Bd4 27. Qxf6 Bxf6 {A strong pair of Bishops.} 28. Nf5 Bxf5 29. exf5 Bxc3 30. bxc3 Ke7 31. Bf3 (31. Bf1 $14) 31... Rb8 32. Re1+ {Weighted Error Value: White=0.24 (precise) /Black=0.19 (very precise)} 1/2-1/2

[Event "Chile Championship Absolute 2022"]
[Site "Las Condes"]
[Date "2022.02.27"]
[Round "11.5"]
[White "Barriga Silva, Felipe"]
[Black "Aguirre Contreras, Cristian Rodrigo"]
[Result "1/2-1/2"]
[WhiteElo "2162"]
[BlackElo "2261"]
[Annotator "TA"]
[PlyCount "104"]
[EventDate "2022.02.18"]
[EventType "tourn"]
[EventCountry "CHI"]
[SourceTitle "playchess.com"]
[Source "ChessBase"]
[SourceQuality "1"]

{[%evp 14,104,-4,-5,0,0,0,-2,-11,-28,-34,-31,-28,-20,-18,-25,11,0,0,0,0,0,0,0,0,0,0,-37,0,0,0,-19,13,-43,0,-19,0,-38,0,0,0,0,0,0,0,0,0,-22,0,-31,-11,-20,-20,-27,-20,-20,-20,-31,-17,-27,0,-29,-16,-27,-8,-878,11,-1726,-1715,-2052,-44,-49,470,439,993,419,518,-139,457,432,425,25,887,456,559,-318,-30,-30,33,33,35,0,0]} 1. e4 c5 2. Nf3 e6 3. d3 Nc6 4. g3 d5 5. Nbd2 Nf6 6. Bg2 Be7 7. O-O Qc7 8. Re1 dxe4 {C00: French: Unusual White 2nd moves.} 9. dxe4 e5 10. Nc4 Be6 {[#]} 11. b3 $146 ({Predecessor:} 11. Nfd2 O-O-O 12. Ne3 g6 13. c4 Nd4 14. Nd5 Nxd5 15. cxd5 Bd7 16. a4 h5 17. Nb3 {1-0 (38) Sinanovic,M (2312)-Mihalincic,T (2241) Mali Losinj 2019}) 11... Bxc4 12. bxc4 Rd8 13. Nd2 O-O 14. c3 Rd3 15. Qc2 Rfd8 16. Bf1 R3d7 17. Be2 Na5 18. Nf1 Qc6 19. f3 Ne8 20. Be3 Qe6 21. Qa4 b6 22. Rad1 Qc6 23. Qc2 (23. Qxc6 $11 Nxc6 24. Rd5) 23... Qe6 24. Qa4 Qc6 25. Qc2 Qe6 26. Rd5 Nf6 27. Rxd7 Rxd7 28. Qa4 Qc6 29. Qc2 Qe6 30. Nd2 Bd8 31. Bf1 Bc7 32. Bf2 Ne8 33. Be2 Rd8 34. Rd1 Nd6 35. Qa4 Qe8 36. Qc2 Qe6 37. Kg2 h6 38. Qa4 Qe8 39. Qb5 {[%mdl 8192] [#]} Qc6 $2 (39... Nxb5 $19 40. cxb5 c4) 40. Qa4 $2 {[%mdl 8192]} Qxa4 $19 41. Rc1 Qd1 $2 42. Rxd1 {[#]} Nb3 $2 {[%mdl 8192]} 43. Nxb3 Nb5 (43... Ne8 $142 44. Rd5 Nf6 45. Rxd8+ Bxd8) 44. Nxc5 Rxd1 45. Be3 {Prevents Rd2.} Rd4 $2 {[%mdl 8192]} 46. cxd4 Nxd4 47. Bd1 ({White should play} 47. Na6 $18 Bd6 48. Bd1) 47... Nc2 {[%mdl 8192]} 48. Bf2 bxc5 49. Bd4 $4 {[%mdl 8192]} cxd4 (49... Nxd4 $19 50. Kf2 Kf8) 50. Bxc2 $11 d3 (50... Bd6 $11) 51. Bxd3 $14 Bb6 52. c5 Bxc5 {White used his chance.  Weighted Error Value: White=1.12/Black=0.92} 1/2-1/2